Thus Speak Guru Nanak (Record no. 1379187)

MARC details
000 -LEADER
fixed length control field 00613nam a2200253Ia 4500
008 - FIXED-LENGTH DATA ELEMENTS--GENERAL INFORMATION
fixed length control field 160525s9999||||xx |||||||||||||| ||und||
040 ## - CATALOGING SOURCE
Transcribing agency English
082 ## - DEWEY DECIMAL CLASSIFICATION NUMBER
Classification number XV. E/Nanak
082 ## - DEWEY DECIMAL CLASSIFICATION NUMBER
Item number BORI-43609
100 ## - MAIN ENTRY--PERSONAL NAME
Personal name Swami Suddhasatwanande
245 ## - TITLE STATEMENT
Title Thus Speak Guru Nanak
300 ## - PHYSICAL DESCRIPTION
Extent 60
300 ## - PHYSICAL DESCRIPTION
Dimensions E
300 ## - PHYSICAL DESCRIPTION
Accompanying material Paperback
530 ## - ADDITIONAL PHYSICAL FORM AVAILABLE NOTE
Uniform Resource Identifier <a href="00043609.pdf">00043609.pdf</a>
563 ## - BINDING INFORMATION
Binding note Ref
600 ## - SUBJECT ADDED ENTRY--PERSONAL NAME
Personal name Swami Suddhasatwanande
630 ## - SUBJECT ADDED ENTRY--UNIFORM TITLE
Uniform title Thus Speak Guru Nanak
650 ## - SUBJECT ADDED ENTRY--TOPICAL TERM
Topical term or geographic name as entry element Collected Works
650 ## - SUBJECT ADDED ENTRY--TOPICAL TERM
Topical term or geographic name as entry element Reference
700 ## - ADDED ENTRY--PERSONAL NAME
Personal name Swami Suddhasatwanande
730 ## - ADDED ENTRY--UNIFORM TITLE
Uniform title Thus Speak Guru Nanak
942 ## - ADDED ENTRY ELEMENTS (KOHA)
Koha item type Book

No items available.